Factores sectoriales y regionales que determinan la dinámica empresarial en los países en desarrollo (Registro nro. 34757)

Detalles MARC
000 -LEADER
fixed length control field 00378 a2200109 4500
001 - CONTROL NUMBER
control field ART_46678
005 - DATE AND TIME OF LATEST TRANSACTION
control field 20260410162039.0
008 - FIXED-LENGTH DATA ELEMENTS--GENERAL INFORMATION
fixed length control field 260409a
100 1# - MAIN ENTRY--PERSONAL NAME
Personal name Calá, Carla Daniela
245 10 - TITLE STATEMENT
Title Factores sectoriales y regionales que determinan la dinámica empresarial en los países en desarrollo
773 0# - HOST ITEM ENTRY
Title Revista Cepal
Related parts - Nº 124 (abr. 2018)
Record control number REV45125

No hay ítems disponibles.